000 00707nam a2200241 i 4500
001 C2-0222620
003 PPAK
005 20180728151703.0
008 000115s1990 io |||| ||||| | may d
020 _a9794440973
040 _aPPAK
_beng
_cPPAK
_erda
082 0 4 _a959.811
_223
090 0 0 _a959.811
_bSJA
_dKAH
100 1 _aSjamsuddin, Nazaruddin,
_eauthor
245 1 0 _aPemberontakan kaum republik :
_bkasus Darul Islam Aceh
264 1 _aJakarta, Indonesia :
_bPT Pustaka Utama Grafiti ,
_c1990
300 _axvi, 377 pages ;
_c21 cm
336 _2rdacontent
_atext
337 _2rdamedia
_aunmediated
338 _2rdacarrier
_avolume
650 1 0 _aAceh - Sejarah - Politik
942 _ddc
_cB
999 _c143854
_d143854